000 00291nam a22001337a 4500
008 170622b xxu||||| |||| 00| 0 eng d
020 _a9780801311697
041 _aeng
080 _23RD
_a32
100 _a21
101 _aSHH
245 _aTHE BRITISH POLITY
_cNORTON,PH
942 _2udc
_cBK
999 _c18740
_d18740